Mystic musings in art and poetry : (Record no. 94999)

MARC details
000 -LEADER
fixed length control field 00689nam a22002057a 4500
005 - DATE AND TIME OF LATEST TRANSACTION
control field 20150909111745.0
010 ## - LCCN (DPL NO)
LC control number ENG-113509
020 ## - INTERNATIONAL STANDARD BOOK NUMBER
Terms of availability 690.00
International Standard Book Number 9788192512112
020 ## - INTERNATIONAL STANDARD BOOK NUMBER
Terms of availability 690.00
International Standard Book Number 8192512118
035 ## - SYSTEM CONTROL NUMBER
System control number EN-97041
037 ## - SOURCE OF ACQUISITION
Source of stock number/acquisition DBAD/PUB
082 ## - DEWEY DECIMAL CLASSIFICATION NUMBER
Classification number 204.22
245 ## - TITLE STATEMENT
Title Mystic musings in art and poetry :
Statement of responsibility, etc edited by Kurian Kachappilly
Remainder of title thematic essays from the International Conference 'Mysticism without Bounds' /
260 ## - PUBLICATION, DISTRIBUTION, ETC. (IMPRINT)
Place of publication, distribution, etc New Delhi
Name of publisher, distributor, etc Christian World Imprints
Date of publication, distribution, etc 2013
270 ## - ADDRESS
Address H-12 Bali Nagar
City New Delhi
Postal code 110015
300 ## - PHYSICAL DESCRIPTION
Extent xii,187p.
Dimensions 23cm(Hb)
500 ## - GENERAL NOTE
General note Includes index
700 ## - ADDED ENTRY--PERSONAL NAME
Personal name Kachappilly, Kurian
942 ## - ADDED ENTRY ELEMENTS (KOHA)
Source of classification or shelving scheme Dewey Decimal Classification
Item type English Books
Call number suffix MYS
Classification part 204.22
Holdings
Withdrawn status Lost status Not for loan Collection code Home library Current library Date acquired Source of acquisition Cost, normal purchase price Full call number Barcode Copy number Cost, replacement price Koha item type
    Not For Loan Non-fiction D.B.Act.Division D.B.Act.Division 16/07/2015 DBAD/PUB 690.00 204.22 MYS EN-97041 1 690.00 English Books

© Delhi Public Library
Hit Counter
free hit counter